[Event "Landesjugendeinzelmeisterschaft M-V u14"]
[Site "Malchow 2024"]
[Date "2024.02.05"]
[Round "4.9"]
[White "Zielke, Finn"]
[Black "Klatt, Erik Alexander"]
[Result "1-0"]
[WhiteElo "774"]
[BlackElo "924"]
[Time "08:30:00"]
[WhiteTeam "SC Mecklenburger Springer"]
[BlackTeam "SV Empor KÃ¼hlungsborn"]

1.e4 e5 2.Nf3 Nc6 3.Nc3 d6 4.Bb5 Bd7 5.d3 g6 6.Ng5 Qf6 7.Nd5 Qg7 8.Nxc7+ Kd8
9.Nxa8 Nd4 10.Bc4 Be7 11.Nxf7+ Qxf7 12.Bxf7 Nf6 13.O-O Rf8 14.Bc4 Ng4 15.h3 Nh6
16.Bxh6 Rf6 17.Bg7 Rf4 18.Bh6 Rf6 19.Qd2 Rf3 20.gxf3 Nxf3+ 21.Kg2 Nxd2 22.Bxd2
Kc8 23.Ba5 h5 24.Nc7 Bd8 25.f4 b6 26.Ba6+ Kxc7 27.Bb4 exf4 28.Rxf4 g5 29.Rf5 g4
30.Rxh5 Bf6 31.Rb1 Be6 32.Rh7+ Kc6 33.Bb7+ Kb5 34.Bxd6 Bxa2 35.Rf1 Bxb2 36.Rf5+
Ka4 37.Bc6+ b5 38.Bxb5+ Ka5 39.Rxa7+ Kb6 40.Ra6+ Kb7 41.Rf7+ Bxf7 42.hxg4 Kc8
43.Ra8+ Kb7 44.Rb8+ Ka7 45.e5 Bd5+ 46.Kg3 Bd4 47.c4 Bh1 48.e6 Bf6 49.e7 Bh8
50.e8=Q Bf3 51.Qd7+ Bb7 52.Qxb7#
1-0

[Event "Landesjugendeinzelmeisterschaft M-V u16"]
[Site "Malchow 2024"]
[Date "2024.02.05"]
[Round "4.1"]
[White "Brandt, Mattis"]
[Black "Stepanjan, Marianne"]
[Result "0-1"]
[WhiteElo "1315"]
[BlackElo "1678"]
[Time "08:30:00"]
[WhiteTeam "Greifswalder SV"]
[BlackTeam "ESV 1888 Wittenberge"]

1.d4 Nf6 2.Nf3 g6 3.Nbd2 Bg7 4.e4 d6 5.Bd3 O-O 6.O-O Nbd7 7.Re1 e5 8.c3 Nh5
9.Nf1 f5 10.Ng5 Nb6 11.Qb3+ d5 12.exd5 Qxd5 13.Qxd5+ Nxd5 14.dxe5 Re8 15.Bc4 c6
16.f4 h6 17.Nf3 Be6 18.Bxd5 Bxd5 19.Nd4 Rad8 20.h3 Bf8 21.g4 fxg4 22.hxg4 Ng7
23.f5 gxf5 24.gxf5 c5 25.f6 cxd4 26.fxg7 {(=)} 26...Bxg7 27.cxd4 Re6 28.Ne3 Rg6+
29.Kf2 Be4 30.Rd1 Rf8+ 31.Ke2 Bf3+ 32.Kd3 Bxd1 33.Nxd1 Rd8 34.Ke4 Rg4+ 35.Bf4
0-1

[Event "Landesjugendeinzelmeisterschaft M-V u16"]
[Site "Malchow 2024"]
[Date "2024.02.05"]
[Round "4.2"]
[White "Peilert, Maximilian"]
[Black "Briese, Paul"]
[Result "1/2-1/2"]
[WhiteElo "1463"]
[BlackElo "1553"]
[Time "08:30:00"]
[WhiteTeam "Think Rochade - SC HRO"]
[BlackTeam "SAV Torgelow-DrÃ¶geheide 90"]

1.d4 Nf6 2.c4 g6 3.Nc3 Bg7 4.e4 d6 5.Be3 Nbd7 6.f3 O-O 7.Nge2 e5 8.d5 a5 9.h4
Nc5 10.Ng3 Bd7 11.h5 c6 12.hxg6 fxg6 13.Qd2 cxd5 14.cxd5 Rb8 15.Nd1 b5 16.Nf2 b4
17.Nd3 Nxd3+ 18.Bxd3 Rf7 19.Ke2 Be8 20.Rac1 Rc7 21.Rxc7 Qxc7 22.Rc1 Qb7 23.Qc2
b3 24.axb3 Qxb3 25.Qxb3 Rxb3 26.Rc2 Nd7 27.Nf1 Nc5 28.Bxc5 dxc5 29.Nd2 Rb4
30.Nc4 a4 31.Kd1 Bb5 32.Ke2 Bxc4 33.Bxc4 Kf8 34.Kd3 Ke8 35.Kc3 Kd7 36.Rc1 Kc7
37.Rh1 h6 38.Ra1 Bf8 39.b3 Kb6 40.Rxa4 Rxa4 41.bxa4 g5 42.Bb5 h5 43.Be8 h4
44.Kc4 Bd6 45.Bb5 Ka5 46.Kd3 Kb6 47.Kc2 Be7 48.Kd3 Ka5
1/2-1/2

[Event "Landesjugendeinzelmeisterschaft M-V u16"]
[Site "Malchow 2024"]
[Date "2024.02.05"]
[Round "4.3"]
[White "Vollmer, Willem Maarten"]
[Black "Sens, Gerda"]
[Result "0-1"]
[WhiteElo "1501"]
[BlackElo "1262"]
[Time "08:30:00"]
[WhiteTeam "SF Schwerin"]
[BlackTeam "SSC Rostock 07"]

1.e4 e5 2.Bc4 Bc5 3.d4 Bxd4 4.Nf3 Qf6 5.c3 Bc5 6.Qd5 d6 7.Bg5 Qe6 8.Qd3 Qg4
9.Nxe5 Qxg5 10.Nxf7 Qxg2 11.Rf1 Nf6 12.Nd2 Rf8 13.e5 Ng4 14.Ne4 Rxf7 15.Bxf7+
Kxf7 16.Qd5+ Ke7 17.exd6+ cxd6 18.Qg5+ Ke8 19.Nxc5 dxc5 20.O-O-O Nc6 21.Qxg7
Qxh2 22.Rfe1+ Nge5 23.Qg8+ Ke7 24.Qg5+ Kf7 25.f4 Ng6 26.Qd5+ Kg7 27.Qg5 Qxf4+
28.Qxf4 Nxf4 29.Re8 b6 30.Rg1+ Ng6 31.b3 Rb8 32.Kb2 Bf5 33.Ree1 h5 34.Rg5 Bg4
35.Re3 Rf8 36.Rd5 Rf6 37.Rg3 Nce5 38.Rd8 h4 39.Rg1 h3 40.Re8 Rf2+ 41.Ka3 h2
42.Re1 Nd3 43.Ra1 Bf3 44.Rc8 h1=Q 45.Rc7+ Kh6 46.Rxh1+ Bxh1 47.Rxa7 Nc1
0-1

[Event "Landesjugendeinzelmeisterschaft M-V u16"]
[Site "Malchow 2024"]
[Date "2024.02.05"]
[Round "4.4"]
[White "Asmussen, Johann"]
[Black "Drechsler, Andor"]
[Result "0-1"]
[WhiteElo "1208"]
[BlackElo "1494"]
[Time "08:30:00"]
[WhiteTeam "HSG Stralsund"]
[BlackTeam "SAV Torgelow-DrÃ¶geheide 90"]

1.e4 c6 2.d4 d5 3.Nc3 dxe4 4.Nxe4 Bf5 5.Ng3 Bg6 6.Nf3 Nd7 7.Be3 e6 8.Bd3 Bxd3
9.Qxd3 Ngf6 10.O-O Be7 11.Rfe1 O-O 12.Bf4 Rc8 13.c4 c5 14.d5 exd5 15.cxd5 Re8
16.d6 Bf8 17.Nf5 g6 18.Rxe8 Nxe8 19.Ne3 Qf6 20.Be5 Nxe5 21.Nxe5 Qxd6 22.Qd5 Qxd5
23.Nxd5 Rd8 24.Nc3 Bg7 25.Nc4 Bxc3 26.bxc3 b6 27.Re1 Nc7 28.Kf1 Nb5 29.Re3 Rd1+
30.Ke2 Ra1 31.Re8+ Kg7 32.Re7 Rxa2+ 33.Kf3 Kf6 34.Rb7 Ke6 35.Nxb6 axb6 36.Rxb6+
Nd6 37.Ke3 Kd5 38.Rb1 Nc4+ 39.Kf4 Rxf2+ 40.Kg3 Rd2 41.Rb7 Nd6 42.Rd7 Rd3+ 43.Kf4
Ke6 44.Rd8 Rxc3 45.g4 Rh3 46.Ra8 Rxh2 47.Ra3 Re2 48.Rh3 Re4+ 49.Kf3 f5 50.gxf5+
gxf5 51.Rxh7 Kd5 52.Rc7 c4 53.Ra7 c3 54.Ra5+ Kd4 55.Ra6 Nc4 56.Rf6 c2 57.Rxf5
c1=Q 58.Kg3 Qe3+ 59.Rf3 Qg1+ 60.Kh3 Qg4+
0-1

[Event "Landesjugendeinzelmeisterschaft M-V u16"]
[Site "Malchow 2024"]
[Date "2024.02.05"]
[Round "4.5"]
[White "Hampe, Florian"]
[Black "WellÃŸow, Lio Keanu"]
[Result "0-1"]
[WhiteElo "1220"]
[BlackElo "1131"]
[Time "08:30:00"]
[WhiteTeam "Lok Gymnas Pritzwalk"]
[BlackTeam "HSG Stralsund"]

1.d4 e6 2.c4 d5 3.Nc3 Nf6 4.Nf3 c5 5.Bg5 Be7 6.e3 Nc6 7.cxd5 Nxd5 8.Bxe7 Qxe7
9.Nxd5 exd5 10.dxc5 Qxc5 11.Be2 O-O 12.O-O Bg4 13.h3 Bh5 14.Qd2 Rad8 15.Rac1 Qb6
16.Rfe1 {(=)} 16...Rfe8 17.g4 Bg6 18.Bd3 Be4 19.Be2 h6 20.Qc3 d4 21.exd4 Bxf3
22.Bxf3 Nxd4 23.b3 Qf6 24.Kg2 Qg5 25.Rcd1 Nf5 26.Rxe8+ Rxe8 27.Qd3 Nh4+ 28.Kh1
Qf4 29.Bxb7 Qxf2 30.Rf1 Re1 31.Rxe1 Qxe1+ 32.Kh2 Qf2+ 33.Kh1 Qxa2 34.Qd8+ Kh7
35.Qxh4 Qxb3 36.Bg2 a5 37.Qe1 a4 38.Be4+ g6 39.Qb1 Qxh3+ 40.Kg1 Qxg4+ 41.Kh1
Qh3+ 42.Kg1 Qg4+ 43.Kh1 a3 44.Bc2 h5 45.Qa2 Qh3+ 46.Kg1 Qg3+ 47.Kh1 Qf3+ 48.Kg1
h4 49.Kh2 Qe2+ 50.Kg1 Qg4+ 51.Kh2 Qf4+ 52.Kh3 Qg3#
0-1

[Event "Landesjugendeinzelmeisterschaft M-V u16"]
[Site "Malchow 2024"]
[Date "2024.02.05"]
[Round "4.6"]
[White "Lantow, Alexander"]
[Black "Troschke, Bennet"]
[Result "0-1"]
[WhiteElo "1216"]
[BlackElo "1398"]
[Time "08:30:00"]
[WhiteTeam "SSC Rostock 07"]
[BlackTeam "Greifswalder SV"]

1.e4 e5 2.Nf3 Nc6 3.Bc4 Bc5 4.c3 Nf6 5.d3 d6 6.h3 Bd7 7.a4 a5 8.O-O O-O 9.Bg5 h6
10.Bh4 Qe7 11.Re1 Be6 12.Nbd2 Bxc4 13.Nxc4 Qe6 14.Ne3 Rfe8 15.Nc2 Nh5 16.d4 Ba7
17.d5 Qg6 18.dxc6 bxc6 19.b4 Nf4 20.Bg3 Qxg3 21.Ne3 Nxh3+ 22.Kh1 Nxf2+
0-1

[Event "Landesjugendeinzelmeisterschaft M-V u16"]
[Site "Malchow 2024"]
[Date "2024.02.05"]
[Round "4.7"]
[White "Janssen, Julika"]
[Black "Garde, Edgar Emil"]
[Result "1-0"]
[WhiteElo "1322"]
[BlackElo "1087"]
[Time "08:30:00"]
[WhiteTeam "TuS Makkabi Rostock"]
[BlackTeam "TuS Makkabi Rostock"]

1.d4 Nf6 2.Nf3 g6 3.Bf4 Bg7 4.e3 d6 5.Be2 O-O 6.O-O Re8 7.h3 Nc6 8.c3 e5 9.dxe5
Nh5 10.Bg5 Qd7 11.exd6 h6 12.Bf4 Nxf4 13.exf4 cxd6 14.Nbd2 Qf5 15.Nc4 Rd8 16.Qd2
d5 17.Nce5 Bxe5 18.fxe5 g5 19.Bd3 Qe6 20.Rae1 b6 21.Bb5 Ne7 22.Nd4 Qg6 23.Bd3
Qg7 24.e6 Qf6 25.Qe2 Rd6 26.exf7+ Kxf7 27.Qh5+ Kg7 28.Qe8 Ng8 29.Re3 Rd8 30.Qh5
Bd7 31.Rf3 Rf8 32.Rxf6 Rxf6 33.Re1 a6 34.Re3
1-0

[Event "Landesjugendeinzelmeisterschaft M-V u16"]
[Site "Malchow 2024"]
[Date "2024.02.05"]
[Round "4.8"]
[White "Pommerehnke, Marla"]
[Black "Tank, Julian"]
[Result "1/2-1/2"]
[WhiteElo "1112"]
[BlackElo "1248"]
[Time "08:30:00"]
[WhiteTeam "TuS Makkabi Rostock"]
[BlackTeam "Think Rochade - SC HRO"]

1.d4 d5 2.Nf3 Nf6 3.Bf4 Bg4 4.Nbd2 e6 5.e3 c5 6.c3 Nc6 7.Be2 Be7 8.Ne5 Nxe5
9.Bxe5 Bf5 10.Bb5+ Nd7 11.Bxg7 Rg8 12.Be5 a6 13.Bxd7+ Qxd7 14.Bg3 Qb5 15.b3
1/2-1/2

[Event "Landesjugendeinzelmeisterschaft M-V u16"]
[Site "Malchow 2024"]
[Date "2024.02.05"]
[Round "4.9"]
[White "Tadewaldt, Stanley Fiete"]
[Black "Saalmann, Emil"]
[Result "0-1"]
[WhiteElo "1287"]
[BlackElo "958"]
[Time "08:30:00"]
[WhiteTeam "SAV Torgelow-DrÃ¶geheide 90"]
[BlackTeam "ESV 1888 Wittenberge"]

1.e4 c5 2.Nf3 Nc6 3.Nc3 Nf6 4.d4 cxd4 5.Nxd4 e5 6.Nxc6 bxc6 7.Be2 h6 8.O-O Bc5
9.Bd2 O-O 10.Re1 d5 11.exd5 cxd5 12.Bb5 Qb6 13.Be3 Bxe3 14.Rxe3 d4 15.Rxe5 dxc3
16.bxc3 Ng4 17.Rd5 Qxf2+ 18.Kh1 Ne3 19.Qf3 Qxf3 20.gxf3 Nxd5 21.Bc6 Be6 22.Bxa8
Rxa8
0-1

[Event "Landesjugendeinzelmeisterschaft M-V u18"]
[Site "Malchow 2024"]
[Date "2024.02.05"]
[Round "4.1"]
[White "Lippitz, Jaden"]
[Black "Scharf, Christian"]
[Result "0-1"]
[WhiteElo "1633"]
[BlackElo "1557"]
[Time "08:30:00"]
[WhiteTeam "SG GÃ¼strow/Teterow"]
[BlackTeam "SG GÃ¼strow/Teterow"]

1.Nf3 c5 2.c4 Nf6 3.g3 d5 4.Bg2 Nc6 5.O-O e5 6.cxd5 Nxd5 7.d3 Be7 8.Nc3 Be6
9.Bd2 O-O 10.a3 Rc8 11.Rc1 f6 12.Nxd5 Bxd5 13.Qa4 Qb6 14.Bc3 Bb3 15.Qg4 Nd4
16.Bxd4 Be6 17.Qe4 cxd4 18.b4 Rc3 19.Rxc3 dxc3 20.d4 a5 21.dxe5 fxe5 22.Nxe5
axb4 23.axb4 Bxb4 24.Nd3 Ba3 25.Qxb7 Qxb7 26.Bxb7 Rb8 27.Bc6 c2 28.Ba4 Bb3
29.Bd7 Bc4 30.Bf5 Bxd3 31.Bxd3 c1=Q 32.Rxc1 Bxc1 33.Kg2 h6 34.h4 Kf7 35.f3 Rb4
36.Kh3 Kf6 37.Kg2 Ke5 38.Kf2 Kd4 39.Ba6 Be3+ 40.Kg2 Rb1 41.f4 Ra1 42.Bd3 Ra3
43.Bg6 Bd2 44.Bh5 Be1 45.Bf3 Ke3 46.f5 Ra5 47.Bg4 Ra1 48.Bf3 Bf2 49.g4 Bxh4
50.Kh3 Bg5 51.Kg2 Re1
0-1

[Event "Landesjugendeinzelmeisterschaft M-V u18"]
[Site "Malchow 2024"]
[Date "2024.02.05"]
[Round "4.2"]
[White "Tovmasyan, Minas"]
[Black "Schulz, Bruno Andreas"]
[Result "1-0"]
[WhiteElo "1779"]
[BlackElo "1737"]
[Time "08:30:00"]
[WhiteTeam "TuS Makkabi Rostock"]
[BlackTeam "TuS Makkabi Rostock"]

1.d4 d5 2.c4 e6 3.Nc3 Nf6 4.cxd5 exd5 5.Bg5 Nbd7 6.e3 Be7 7.Bd3 h6 8.Bh4 O-O
9.Nge2 c6 10.O-O Re8 11.Qc2 Nh5 12.Bxe7 Qxe7 13.Rab1 Qh4 14.Ng3 Ndf6 15.Nf5 Bxf5
16.Bxf5 g6 17.g3 Qg5 18.Bh3 Ng7 19.Bg2 h5 20.h3 Nf5 21.Qd1 Kg7 22.Rc1 Re7 23.b4
Ne4 24.Nxe4 dxe4 25.Rc5 Qf6 26.Qc2 Nd6 27.Rd1 Qe6 28.Re5 Qf6 29.Rxe7 Qxe7 30.Qc5
f5 31.Bf1 Kf6 32.d5 cxd5 33.Rxd5 Nf7 34.Qd4+ Ne5 35.Bc4 Rc8 36.Bb3 b6 37.h4 Qc7
38.Rd6+ Kg7 39.Qxe5+ Kh7 40.Qe6 Kh8 41.Rd7 Qc3 42.Qxg6 Qa1+ 43.Kg2 Rc1 44.Qg8#
1-0

[Event "Landesjugendeinzelmeisterschaft M-V u18"]
[Site "Malchow 2024"]
[Date "2024.02.05"]
[Round "4.3"]
[White "KÃ¶pnick, Amanda"]
[Black "Karff, Tom"]
[Result "1/2-1/2"]
[WhiteElo "1355"]
[BlackElo "1446"]
[Time "08:30:00"]
[WhiteTeam "TuS Makkabi Rostock"]
[BlackTeam "SG GÃ¼strow/Teterow"]

1.e4 e5 2.Nf3 Nc6 3.Bc4 Bc5 4.c3 Nf6 5.d3 h6 6.O-O O-O 7.h3 d6 8.Re1 Be6 9.Bb3
Re8 10.Nbd2 Bb6 11.Nf1 Qd7 12.Bxe6 Rxe6 13.Ng3 Rae8 14.b4 a6 15.Be3 Bxe3 16.Rxe3
d5 17.a3 dxe4 18.Nxe4 Nxe4 19.dxe4 Rd6 20.Qc2 Rd8 21.Rae1 Rd1 22.Kh2 Rxe1
23.Rxe1 Qd3 24.Qc1 f6 25.Qb2 Qc4 26.Nd2 Qe6 27.Nf3 Qc4 28.Nd2
1/2-1/2

[Event "Landesjugendeinzelmeisterschaft M-V u18"]
[Site "Malchow 2024"]
[Date "2024.02.05"]
[Round "4.4"]
[White "Willam, Max Bastian"]
[Black "Schott, Andy"]
[Result "0-1"]
[WhiteElo "1455"]
[BlackElo "1665"]
[Time "08:30:00"]
[WhiteTeam "SSC Rostock 07"]
[BlackTeam "SG GÃ¼strow/Teterow"]

1.e4 c5 2.c3 Nf6 3.e5 Nd5 4.Bc4 Nb6 5.Bb3 c4 6.Bc2 Nc6 7.Nf3 d6 8.exd6 Qxd6
9.O-O Bg4 10.h3 Bh5 11.d3 O-O-O 12.dxc4 Qf6 13.Qe2 Bxf3 14.Qxf3 Qxf3 15.gxf3
Nxc4 16.b3 N4e5 17.Kg2 e6 18.Bf4 Ng6 19.Bg3 f5 20.Re1 Kd7 21.Rd1+ Ke8 22.Rxd8+
Kxd8 23.Nd2 Bc5 24.b4 Be7 25.Rd1 Ke8 26.a3 Kf7 27.Nc4 Rd8 28.b5 Rxd1 29.Bxd1 Nd8
30.Ne5+ Nxe5 31.Bxe5 Bxa3 32.Bc7 Ke7 33.Bxd8+ Kxd8 34.c4 Kc7 35.Kg3 Bd6+ 36.Kh4
Bf4 37.c5 Kd7 38.Be2 Ke7 39.Bc4 Kf6 40.c6 bxc6 41.bxc6 a5 42.Bb5 g6 43.c7 Bxc7
44.f4 Bxf4 45.f3 Kg7 46.Be8 Kh6 47.Bxg6 Bg5+ 48.Kg3 hxg6 49.f4 Bxf4+ 50.Kxf4 a4
0-1

[Event "Landesjugendeinzelmeisterschaft M-V u18"]
[Site "Malchow 2024"]
[Date "2024.02.05"]
[Round "4.5"]
[White "Subocz, Gabriel"]
[Black "Wiechhusen, Laurin-Elias"]
[Result "0-1"]
[WhiteElo "1322"]
[BlackElo "1640"]
[Time "08:30:00"]
[WhiteTeam "SAV Torgelow-DrÃ¶geheide 90"]
[BlackTeam "SF Schwerin"]

1.e4 c5 2.Nf3 Nc6 3.d4 cxd4 4.Nxd4 e5 5.Nb5 a6 6.Nd6+ Bxd6 7.Qxd6 Qe7 8.Qd1 Nf6
9.Nc3 O-O 10.Bg5 Qb4 11.Bxf6 Qxb2 12.Nd5 gxf6 13.Qg4+ Kh8 14.Nxf6 Qc3+ 15.Kd1
Qxa1+ 16.Kd2 Qd4+ 17.Ke1 Qa1+ 18.Ke2 Qc1 19.Qh5 Nd4+ 20.Kd3 Qxc2+ 21.Ke3 Qc1+
22.Kd3 h6 23.h4 Qc2+ 24.Ke3 Qc1+ 25.Kd3 d6 26.g3 Be6 27.Nd5 Bxd5 28.exd5 Rac8
29.Ke4 f5+
0-1

[Event "Landesjugendeinzelmeisterschaft M-V u18"]
[Site "Malchow 2024"]
[Date "2024.02.05"]
[Round "4.6"]
[White "ThormÃ¤hlen, Tjark"]
[Black "Gorski, Paul Peter"]
[Result "1/2-1/2"]
[WhiteElo "1517"]
[BlackElo "1516"]
[Time "08:30:00"]
[WhiteTeam "SG GÃ¼strow/Teterow"]
[BlackTeam "Think Rochade - SC HRO"]

1.e4 c6 2.d4 d5 3.e5 Bf5 4.Bd3 Bxd3 5.Qxd3 e6 6.Nf3 Ne7 7.O-O Ng6 8.a3 Nd7 9.b4
Be7 10.Be3 O-O 11.Nbd2 f6 12.exf6 Bxf6 13.c3 e5 14.Qf5 e4 15.Qe6+ Kh8 16.Ne1 Qc7
17.Nc2 Rae8 18.Qg4 Bd8 19.f3 exf3 20.Rxf3 Rxf3 21.Nxf3 Nf6 22.Qf5
1/2-1/2

[Event "Landesjugendeinzelmeisterschaft M-V u18"]
[Site "Malchow 2024"]
[Date "2024.02.05"]
[Round "4.7"]
[White "Janssen, Joris Frederik"]
[Black "Krause, Enrico"]
[Result "0-1"]
[WhiteElo "1606"]
[BlackElo "1619"]
[Time "08:30:00"]
[WhiteTeam "TuS Makkabi Rostock"]
[BlackTeam "Think Rochade - SC HRO"]

1.d4 d5 2.Nf3 Nf6 3.Bf4 c5 4.c4 cxd4 5.Qxd4 Nc6 6.Qd3 g6 7.a3 Bf5 8.Qc3 d4 9.Qc1
e5 10.Bg3 Qa5+ 11.Qd2 Bb4 12.axb4 Qxa1 13.Nxe5 Qxb1+ 14.Qd1 Qxd1+ 15.Kxd1 Ke7
16.Nxc6+ bxc6 17.Bh4 h6 18.Bg3 Ne4 19.f3 Nxg3 20.hxg3 h5 21.Rh4 a5 22.bxa5 Rxa5
23.Ke1 Ra1+ 24.Kf2 c5 25.g4 Be6 26.g5 Rb8 27.b4 Rxb4
0-1

[Event "Landesjugendeinzelmeisterschaft M-V u18"]
[Site "Malchow 2024"]
[Date "2024.02.05"]
[Round "4.8"]
[White "Quade, Luca"]
[Black "Steinhauser, Oskar"]
[Result "1/2-1/2"]
[WhiteElo "1195"]
[BlackElo "1166"]
[Time "08:30:00"]
[WhiteTeam "TuS Makkabi Rostock"]
[BlackTeam "SSC Rostock 07"]

1.e4 e5 2.Nf3 Nc6 3.Bc4 Bc5 4.b4 Bxb4 5.c3 Ba5 6.d4 exd4 7.O-O Nge7 8.cxd4 d5
9.exd5 Nxd5 10.Qb3 Nce7 11.Ba3 Be6 12.Bxe7 Nxe7 13.Bxe6 fxe6 14.Qxe6 Qd7 15.Qb3
O-O-O 16.Nc3 Nc6 17.Rab1 b6 18.Rfd1 Rhe8 19.d5 Qf7 20.Qb5 Nb8 21.Rbc1 Bxc3
22.Rxc3 Rd7 23.Rdc1 Ree7
1/2-1/2

[Event "Landesjugendeinzelmeisterschaft M-V u18"]
[Site "Malchow 2024"]
[Date "2024.02.05"]
[Round "4.9"]
[White "Mochtak, Maximilian"]
[Black "WellÃŸow, Keoki"]
[Result "0-1"]
[WhiteElo "1078"]
[BlackElo "1599"]
[Time "08:30:00"]
[WhiteTeam "TuS Makkabi Rostock"]
[BlackTeam "HSG Stralsund"]

1.d4 d6 2.Nf3 Nf6 3.Bf4 g6 4.h3 Bg7 5.e3 Bf5 6.Nbd2 O-O 7.g4 Bd7 8.Bg2 Qc8 9.Nh2
c6 10.Qe2 a5 11.O-O-O b5 12.c3 Na6 13.c4 Rb8 14.b3 a4 15.Kc2 c5 16.bxa4 bxc4
17.Nxc4 Bxa4+ 18.Kc3 Bxd1 19.Rxd1 cxd4+ 20.Rxd4 e5 21.Bxe5 dxe5 22.Rd3 e4
0-1

[Event "Offene LJ-Einzelmeisterschaft M-V u25"]
[Site "Malchow 2024"]
[Date "2024.02.05"]
[Round "4.2"]
[White "Baerens, Lennart"]
[Black "Fromm, Robert"]
[Result "1/2-1/2"]
[WhiteElo "1039"]
[BlackElo "1488"]
[Time "08:30:00"]
[WhiteTeam "SF Schwerin"]
[BlackTeam "ASV GrÃ¼n-WeiÃŸ Wismar"]

1.e4 c6 2.Nc3 d5 3.d4 dxe4 4.Nxe4 Bf5 5.Nc3 e6 6.Nf3 Nf6 7.h3 Nbd7 8.Bd3 Bxd3
9.Qxd3 Bd6 10.Bg5 h6 11.Bh4 Qc7 12.Nd2 O-O-O 13.O-O-O Bf4 14.Ne2 Bxd2+ 15.Qxd2
e5 16.f3 Rhe8 17.Bg3 Qb6 18.Rhe1 Qa6 19.Nc3 Qa5 20.a3 g5 21.h4 Nh5 22.Bf2 f6
23.g3
1/2-1/2

[Event "Offene LJ-Einzelmeisterschaft M-V u25"]
[Site "Malchow 2024"]
[Date "2024.02.05"]
[Round "4.3"]
[White "Ahmed Ibrahim, Labed"]
[Black "RÃ¶seler, Ole"]
[Result "1-0"]
[WhiteElo "1474"]
[BlackElo "911"]
[Time "08:30:00"]
[WhiteTeam "SV Motor Wolgast 1949"]
[BlackTeam "SG GÃ¼strow/Teterow"]

1.c4 Nf6 2.Nc3 g6 3.g3 Bg7 4.Bg2 O-O 5.e4 e5 6.Nge2 c6 7.O-O d6 8.d3 Be6 9.Bg5
Nbd7 10.Qd2 Rc8 11.h3 a6 12.a4 Qc7 13.f4 h6 14.Bxf6 Nxf6 15.f5 Bd7 16.g4 g5
17.Ng3 b5 18.axb5 axb5 19.cxb5 cxb5 20.Rac1 Qb6+ 21.Kh2 Rc6 22.Nd5 Nxd5 23.Rxc6
Bxc6 24.exd5 Bb7 25.f6 Bh8 26.h4 Qd8 27.hxg5 h5 28.gxh5 Bc8 29.Be4 Bd7 30.h6
1-0

[Event "Offene LJ-Einzelmeisterschaft M-V u25"]
[Site "Malchow 2024"]
[Date "2024.02.05"]
[Round "4.4"]
[White "JÃ¤hnert, Jamie Mares"]
[Black "Fissler, Lieselotte"]
[Result "1-0"]
[WhiteElo "1172"]
[BlackElo "857"]
[Time "08:30:00"]
[WhiteTeam "HSG Stralsund"]
[BlackTeam "SAV Torgelow-DrÃ¶geheide 90"]

1.e4 c6 2.d4 d5 3.f3 Nf6 4.e5 Nfd7 5.Bd3 Nb6 6.Be3 Be6 7.f4 g6 8.Qf3 Qd7 9.h3
Bf5 10.Qe2 Bxd3 11.Qxd3 Bg7 12.Nf3 O-O 13.Nbd2 Qc7 14.g4 N8d7 15.f5 e6 16.f6 Bh8
17.h4 c5 18.c3 cxd4 19.cxd4 Rac8 20.Nb3 Qc2 21.Qxc2 Rxc2 22.Rh2 Rxh2 23.Nxh2 Nc4
24.Bc1 Rc8 25.Nd2 Ncb6 26.Kd1 h6 27.Nb3 Kh7 28.Be3 Nc4 29.Bc1 b6 30.Nf1 a5
31.Nbd2 Nxd2 32.Bxd2 Rc4 33.Be3 g5 34.hxg5 hxg5 35.b3 Rc3 36.Kd2 Rc6 37.Bxg5 Kg6
38.Bf4 Rc8 39.Ng3 Nxf6 40.exf6 Bxf6 41.Kd3 Rh8 42.Rh1 Rxh1 43.Nxh1 b5 44.a3 Be7
45.Bc1 f5 46.gxf5+ exf5 47.a4 b4 48.Bf4 Kh5 49.Bc7 Kg4 50.Bxa5 f4 51.Bc7 f3
52.a5 Kh3 53.Nf2+ Kg2 54.Nd1 f2 55.Nxf2 Kxf2 56.a6 Ke1 57.a7 Kd1 58.a8=Q Ke1
59.Qxd5 Kd1 60.Qh1#
1-0

[Event "Offene LJ-Einzelmeisterschaft M-V u25"]
[Site "Malchow 2024"]
[Date "2024.02.05"]
[Round "4.5"]
[White "Kunz, Chayenne"]
[Black "Wilke, Finja"]
[Result "1/2-1/2"]
[WhiteElo "788"]
[BlackElo "1232"]
[Time "08:30:00"]
[WhiteTeam "ESV Waren"]
[BlackTeam "SAV Torgelow-DrÃ¶geheide 90"]

1.e4 e5 2.Nf3 Nc6 3.Nc3 Nf6 4.Bc4 Nxe4 5.Nxe4 d5 6.Bd3 dxe4 7.Bxe4 Bb4 8.O-O O-O
9.a3 Ba5 10.d3 Bg4 11.c3 Qf6 12.Bg5 Qd6 13.b4 Bb6 14.h3 Bh5 15.Bh4 a6 16.Qd2 h6
17.c4 Bd4 18.c5 Qe6 19.Rab1 Bg6 20.Qc2 Kh8 21.a4 f5 22.Bxc6 Qxc6 23.Qb3 e4
24.Nd2 Bf6 25.Bg3 Rad8 26.b5 axb5 27.axb5 Qxc5 28.Rbc1 Qd4 29.Rfd1 Bh5 30.Nc4
Bxd1 31.Rxd1 Rd5 32.Na3 Rc5 33.dxe4 Qxe4 34.f3 Qe2 35.Re1 Qd2 36.Nb1 Bd4+ 37.Kh1
Qg5 38.f4 Qg6 39.Qb4 Qxg3 40.Rf1 Be3 41.Na3 Rg8 42.Nc4 Bxf4 43.Rxf4 Qxf4 44.Qxc5
Re8 45.Qb4 Kh7 46.Qc3 Qf1+ 47.Kh2 Re1 48.Qc2 g6 49.Qd2 Re2 50.Qd7+ Kg8 51.Qd8+
Kf7 52.Qd7+ Kf6 53.Qd8+ Ke6 54.Qg8+ Kf6 55.Qd8+
1/2-1/2

[Event "Offene LJ-Einzelmeisterschaft M-V u25"]
[Site "Malchow 2024"]
[Date "2024.02.05"]
[Round "4.6"]
[White "BÃ¼hrt, Charlie"]
[Black "Raffaelli, Maja"]
[Result "1/2-1/2"]
[WhiteElo "735"]
[BlackElo "870"]
[Time "08:30:00"]
[WhiteTeam "ESV Waren"]
[BlackTeam "TuS Makkabi Rostock"]

1.d4 Nf6 2.Nc3 d5 3.Nf3 Nc6 4.Bf4 Bf5 5.e3 Bg4 6.Be2 e6 7.a3 Bxf3 8.Bxf3 Be7
9.O-O h6 10.Nb5 Rc8 11.Be2 a6 12.Nc3 O-O 13.Bd3 Qd7 14.Rb1 Rb8 15.b4 b5 16.Be5
Nh7 17.Bg3 Rb6 18.Qd2 Rfb8 19.Na2 Ra8 20.c3 a5 21.Rb2 a4 22.Qc2 Nf6 23.Qd1 Bd6
24.f4
1/2-1/2

[Event "Landesjugendeinzelmeisterschaft M-V u10"]
[Site "Malchow 2024"]
[Date "2024.02.06"]
[Round "5.1"]
[White "Koldrack, Erik"]
[Black "Seegebrecht, Johann"]
[Result "0-1"]
[WhiteElo "780"]
[BlackElo "980"]
[Time "08:30:00"]
[WhiteTeam "Think Rochade - SC HRO"]
[BlackTeam "SC Mecklenburger Springer"]

1.e4 e5 2.Nf3 Nc6 3.Nc3 Nf6 4.Bc4 Nxe4 5.d3 Nxc3 6.bxc3 d5 7.Bxd5 Qxd5 8.O-O Bg4
9.a4 Qe6 10.Qd2 Qg6 11.d4 Bxf3 12.Qg5 Qxg5 13.Bxg5 Be4 14.Rfe1 Bxc2 15.Rxe5+
Nxe5 16.Re1 Bd6 17.dxe5 Bc5 18.Re4 Bxe4 19.h3 O-O 20.Kh2 f6 21.Bf4 fxe5 22.Bxe5
Rxf2 23.Kg3 Rxg2+ 24.Kf4 Bc6 25.Kf5 Rf8+ 26.Ke6 Rg6+ 27.Bf6 Rfxf6+ 28.Ke5 Rg5#
0-1

[Event "Landesjugendeinzelmeisterschaft M-V u10"]
[Site "Malchow 2024"]
[Date "2024.02.06"]
[Round "5.8"]
[White "Aslanli, Ayna"]
[Black "Paulet, Johannes"]
[Result "0-1"]
[WhiteElo "750"]
[BlackElo "760"]
[Time "08:30:00"]
[WhiteTeam "SF Schwerin"]
[BlackTeam "Greifswalder SV"]

1.e4 e5 2.Nf3 Nc6 3.Bc4 Bc5 4.d3 d6 5.Nc3 Bg4 6.Be3 Nf6 7.O-O Qd7 8.h3 Bxf3
9.Qxf3 O-O-O 10.Bxc5 dxc5 11.Nd5 Nxd5 12.Bxd5 Nb4 13.Bxf7 Nxc2 14.Rac1 Nd4
15.Qh5 Ne6 16.Rfd1 Rhf8 17.Bxe6 Qxe6 18.Qe2 Rf6 19.Rxc5 b6 20.Rc4 Rdf8 21.Rdc1
R8f7 22.R4c2 g5 23.Qd2 Rd7 24.Qc3 Rff7 25.f3 Qxa2 26.b3 Qa5 27.Qxe5 Qxe5 28.Ra2
Kb7 29.Rca1 Qa5 30.e5 Rfe7 31.b4 Qxe5 32.Rxa7+ Kc6 33.Rc1+ Kb5 34.Ra2 Qd4+
35.Kh1 Qxd3 36.Rb1 Qxb1+ 37.Kh2 Qxa2 38.h4 gxh4 39.Kh3 Rd4 40.g3 Qe6+ 41.Kg2
Rd2+ 42.Kf1 Qe2+ 43.Kg1 Rd1#
0-1

[Event "Landesjugendeinzelmeisterschaft M-V u12"]
[Site "Malchow 2024"]
[Date "2024.02.06"]
[Round "5.1"]
[White "KÃ¶nig, Lian"]
[Black "Briese, Sophie"]
[Result "1/2-1/2"]
[WhiteElo "1019"]
[BlackElo "1279"]
[Time "08:30:00"]
[WhiteTeam "SF Schwerin"]
[BlackTeam "SAV Torgelow-DrÃ¶geheide 90"]

1.e4 c5 2.Nc3 Nc6 3.d3 d6 4.g3 g6 5.Bg2 Bg7 6.f4 e6 7.Nf3 f5 8.h3 Nge7 9.O-O Nd4
10.Ne2 Nxf3+ 11.Rxf3 O-O 12.g4 fxg4 13.hxg4 Nc6 14.c3 d5 15.e5 g5 16.d4 cxd4
17.cxd4 gxf4 18.Rxf4 Bd7 19.Be3 Qh4 20.g5 Rxf4 21.Bxf4 Rf8 22.Qd2 b6 {(=)}
23.Rf1 Ne7 24.Bg3 Rxf1+ 25.Kxf1 Qh5
1/2-1/2

[Event "Landesjugendeinzelmeisterschaft M-V u12"]
[Site "Malchow 2024"]
[Date "2024.02.06"]
[Round "5.2"]
[White "Wetzig, Karl Anton"]
[Black "Subocz, Barbara"]
[Result "0-1"]
[WhiteElo "1121"]
[BlackElo "1093"]
[Time "08:30:00"]
[WhiteTeam "SF Schwerin"]
[BlackTeam "SAV Torgelow-DrÃ¶geheide 90"]

1.e4 c5 2.Nc3 d6 3.Nf3 Nf6 4.d4 cxd4 5.Nxd4 g6 6.Bc4 Bg7 7.O-O O-O 8.Re1 Nc6
9.Nxc6 bxc6 10.e5 dxe5 11.Qxd8 Rxd8 12.Rxe5 Nh5 13.Rxe7 Bxc3 14.bxc3 Rd1+ 15.Bf1
Ba6 16.h3 Rxf1+ 17.Kh2 Rd8 18.Bb2 Rdd1 19.Rxd1 Rxd1 20.c4 Rd8 21.Rxa7 Bxc4
22.Rc7 Bxa2 23.Rxc6 Nf4 24.Bf6 Re8 25.c4 Nd3 26.Kg3 Ne5 27.Bxe5 Rxe5 28.Kf4 Rf5+
29.Ke3 Kf8 30.Rc8+ Ke7 31.Rc6 Kd7 32.g4 Kxc6 33.gxf5 gxf5 34.Kf4 Bb1 35.Kg5 Kc5
36.Kh6 Kxc4 37.Kxh7 Kd3 38.h4 Ke2 39.f4 Kf3 40.h5 Kxf4 41.Kg7 Kg5 42.h6 f4 43.h7
Bxh7
0-1